| 000 | 00873nam a2200289Ia 4500 | ||
|---|---|---|---|
| 001 | Para_8744 | ||
| 003 | CHAP | ||
| 008 | 220125s1979 xx 000 0 und d | ||
| 010 | _a207544 | ||
| 040 | _cCHAP | ||
| 090 | _aPA FOLLETO 561 | ||
| 110 |
_aDow Química Mexicana, S.A. _9170957 |
||
| 245 |
_aHerbicida Tordon 472M para control de malezas en maíz y sorgo / _c por Dow Química Mexicana |
||
| 260 |
_aMéxico : _b Dow Química Mexicana |
||
| 300 | _ahoja desplegable | ||
| 650 |
_aHerbicidas _953691 |
||
| 650 |
_aMaíz _x malas hierbas _x control _971003 |
||
| 650 |
_aMalas hierbas _x control _970011 |
||
| 650 |
_aSorgo _x malas hierbas _xcontrol _9108692 |
||
| 901 | _aPA FOLLETO 561 | ||
| 902 | _aA | ||
| 905 | _a000000197- a 0000000000 00 | ||
| 910 | _a197- | ||
| 942 | _cPARA | ||
| 942 |
_cPARA _d1 |
||
| 999 |
_c207544 _d207544 |
||